| 000 | 01076nam a2200313Ia 4500 | ||
|---|---|---|---|
| 005 | 20220317001440.0 | ||
| 008 | 161108s2015 ck g 000 f s | ||
| 020 | _a9789588886190 | ||
| 100 | 1 |
_aGarcía Márquez, Gabriel _d1928-2014 |
|
| 245 | 1 | 3 |
_aEl general en su laberinto _cGabriel García Márquez |
| 250 | _aPrimera reimpresión | ||
| 300 |
_a286 páginas _c19 cm |
||
| 490 | _aDe bolsillo : contemporánea | ||
| 586 | _aPremio Nobel de Literatura | ||
| 600 | 1 | 4 |
_aBolivar, Simon _d1783 - 1830 _xNovela _973229 |
| 650 | 1 | 4 |
_2LEMB _aNovela colombiana _ySiglo XX |
| 650 | 1 | 4 |
_2LEMB _aLiteratura colombiana _ySiglo XX |
| 650 | 1 | 4 |
_2LEMB _aNovela histórica colombiana |
| 650 | 1 | 4 |
_2LEMB _aIdealismo en la literatura |
| 650 | 1 | 4 |
_2LEMB _aMilitares en la literatura |
| 650 | 1 | 4 |
_2LEMB _aViajes en la literatura |
| 942 |
_2loc _cBKLIT |
||
| 264 |
_aBogotá _bRandom House Mondadori _c2015 |
||
| 336 |
_atexto _btxt _2rdacontent |
||
| 337 |
_asin mediación _bn _2rdamedia |
||
| 338 |
_avolumen _bnc _2rdacarrier |
||
| 040 |
_aCO-BoRNBP _bspa _erda _cCO-BoRNBP |
||
| 084 | _aN GAR2 | ||
| 999 |
_c7013 _d7013 |
||